| 000 | 00612nam a22001817a 4500 | ||
|---|---|---|---|
| 005 | 20151127115549.0 | ||
| 010 | _a ENG-114207 | ||
| 020 |
_a9789351431282 _c695.00 |
||
| 035 | _aEN-97739 | ||
| 037 | _aDBAD/PUB | ||
| 082 | _a341.481 | ||
| 100 | _aSinha, Manoj Kumar | ||
| 245 |
_aHandbook of legal instruments on international human rights and refugee laws / _cby Manoj Kumar Sinha |
||
| 260 |
_aGurgaon _bLexisNexis _c2014 |
||
| 270 |
_a14th Floor Building No.10, Tower-B, DLF Cyber City, Phase-II, _bGurgaon _e122002 |
||
| 300 |
_axiv,957p. _c24cm(pbk) |
||
| 942 |
_2ddc _cEN _mSIN _h341.481 |
||
| 999 |
_c97630 _d97630 |
||